Capitalism, democracy and welfare
Saved in:
| Main Author: | |
|---|---|
| Format: | Book |
| Language: | English |
| Published: |
New York
Cambridge University Press
2005
|
| Series: | Cambridge studies in comparative politics
|
| Subjects: | |
| Tags: |
No Tags, Be the first to tag this record!
|
MARC
| LEADER | 00000nam a2200000 4500 | ||
|---|---|---|---|
| 001 | 0121539 | ||
| 005 | 20240229082802.5 | ||
| 020 | |a 0-521-61307-8 | ||
| 041 | 0 | |a eng | |
| 044 | |a US | ||
| 245 | 1 | 0 | |a Capitalism, democracy and welfare |c Torben Iversen |
| 264 | 1 | |a New York |b Cambridge University Press |c 2005 | |
| 300 | |a 312 s. | ||
| 490 | 1 | |a Cambridge studies in comparative politics | |
| 830 | 0 | |a Cambridge studies in comparative politics | |
| 610 | 2 | 0 | |a ekonómia politická |
| 610 | 2 | 0 | |a kapitalizmus |
| 610 | 2 | 0 | |a blahobyt |
| 610 | 2 | 0 | |a demokracia |
| 610 | 2 | 0 | |a politika sociálna |
| 610 | 2 | 0 | |a zabezpečenie sociálne |
| 610 | 2 | 0 | |a služby |
| 100 | 1 | |a Iversen, Torben | |